000 01322cam a2200289 a 4500
999 _c730
_d730
001 10349114
003 OCoLC
005 20180823125038.0
008 840105s1984 tnu b 000 0 eng
010 _a 84001946
020 _a0840753268 :
_c$11.95
020 _a9780840753267
035 _a(OCoLC)10349114
040 _aDLC
_cDLC
_dYDXCP
_dOKR
_dP4I
050 0 0 _aBS1430.2
_b.O36 1984
082 0 _a223.2
_219
_bO347F
092 _a232.206
_bO348
100 1 _aOgilvie, Lloyd John.
245 1 0 _aFalling into greatness /
_cby Lloyd John Ogilvie.
260 _aNashville :
_bT. Nelson,
_cc1984.
300 _a220 p. ;
_c24 cm.
504 _aIncludes bibliographical references.
505 0 _aThe secret of lasting joy -- Living at full potential -- The apple of God's eye -- A seven-day experiment in trust -- You don't need more faith! -- When God seems absent -- Triumph in trouble -- Lord, get me out of this! -- How to receive power -- Confusing comparisons -- Adventuresome living -- Eternal security -- Have a great day! -- A case for gladness -- Rejuvenated exuberance -- take a larger gift -- Let God help you! -- God is there to meet you -- Falling into greatness.
630 0 0 _aBible.
_pO.T.
_pPsalms
_xCriticism, interpretation, etc.
650 0 _aChristian life
_xPresbyterian authors.
942 _2ddc
_cBK